| 000 | 00772nam a2200157 a 4500 | ||
|---|---|---|---|
| 008 | 120416s1988 xx |||||||||||||| || u | ||
| 050 | _aTH 900 Sha | ||
| 100 | _aSharma, S. C | ||
| 245 | 1 | 0 | _aConstruction equipment and management |
| 260 |
_a _bKhanna Publishers _c1988 |
||
| 300 | _avi, 580p. : ill | ||
| 350 | _a0.00 | ||
| 995 |
_aBINDERY (DAMAGED) _D0.00 _e724393 _FCBU-MAIN LIBRARY (Kitwe) _H4 _I35.00 _jTH 900 Sha _M1 _UDAMAGED _y016110 _ZMain Library Open Access Collection |
||
| 995 |
_aBINDERY (DAMAGED) _D0.00 _e725167 _FCBU-MAIN LIBRARY (Kitwe) _H2 _I35.00 _jTH 900 Sha _M2 _UDAMAGED _y016131 _ZMain Library Open Access Collection |
||
| 995 |
_aBINDERY (DAMAGED) _D0.00 _e724394 _FCBU-MAIN LIBRARY (Kitwe) _H1 _I35.00 _jTH 900 Sha _M3 _UDAMAGED _y016132 _ZMain Library Open Access Collection |
||
| 999 |
_c79768 _d79768 |
||